[Event "GBR-ch110 Major Open"]
[Site "Hull"]
[Date "2024.08.01"]
[Round "6.28"]
[White "Chris Biju, Calvin"]
[Black "Vaidyanathan, Sathya"]
[Result "1/2-1/2"]
[WhiteElo "2008"]
[BlackElo "1844"]
[PlyCount "143"]
[EventDate "2024.07.27"]
[EventType "swiss"]
[EventRounds "9"]
[EventCountry "GBR"]
[SourceTitle "BritBase"]
[Source "John Saunders"]
[SourceDate "2025.02.20"]
[SourceVersion "1"]
[SourceVersionDate "2025.02.20"]
[SourceQuality "1"]

1. d4 d5 2. Nf3 Nf6 3. g3 Bf5 4. Bg2 e6 5. O-O Bd6 6. c4 c6 7. Nc3 Nbd7 8. Re1 Ne4 9. Nd2 Nxd2 10. Bxd2 Bb4 11. Qb3 Bxc3 12. bxc3 Nb6 13. c5 Nc4 14. Bf4 g5 15. Bc1 Rb8 16. e4 Bg6 17. exd5 cxd5 18. Qa4+ Qd7 19. Qxd7+ Kxd7 20. Bxg5 b6 21. Bf4 Rbc8 22. cxb6 Nxb6 23. Rec1 Na4 24. c4 dxc4 25. Bb7 c3 26. Ba6 Ke7 27. d5 Rc5 28. dxe6 fxe6 29. Be3 Rc7 30. Bb5 Nb6 31. Bd4 Rhc8 32. Ba6 c2 33. Bxb6 axb6 34. Bxc8 Rxc8 35. a3 Rd8 36. Kf1 Kd6 37. Ke1 Kc5 38. Ra2 b5 39. Raxc2+ Bxc2 40. Rxc2+ Kb6 41. Ke2 Ra8 42. Rc3 Rg8 43. f4 Rg6 44. Kf3 Rh6 45. h4 Rh5 46. Re3 Rh6 47. Ke4 Kc5 48. Kd3 Rg6 49. Re5+ Kd6 50. Rg5 Rf6 51. Rxb5 Rf8 52. a4 Rg8 53. Rg5 Ra8 54. a5 h6 55. Re5 Rg8 56. Re3 Ra8 57. Re5 Rg8 58. a6 Rxg3+ 59. Ke4 Ra3 60. Rh5 Rxa6 61. Rxh6 Ke7 62. Rg6 Kf7 63. Rg3 Ra5 64. Kf3 Rh5 65. Kg4 Rh6 66. h5 Kf6 67. Rh3 Rh8 68. h6 Kg6 69. Re3 Re8 70. h7 Kxh7 71. Kg5 Kg7 72. f5 1/2-1/2

[Event "GBR-ch110 Major Open"]
[Site "Hull"]
[Date "2024.08.01"]
[Round "6.29"]
[White "Pick, Freddie"]
[Black "McBeath, Joel"]
[Result "0-1"]
[WhiteElo "1955"]
[BlackElo "1806"]
[PlyCount "94"]
[EventDate "2024.07.27"]
[EventType "swiss"]
[EventRounds "9"]
[EventCountry "GBR"]
[SourceTitle "BritBase"]
[Source "John Saunders"]
[SourceDate "2025.02.20"]
[SourceVersion "1"]
[SourceVersionDate "2025.02.20"]
[SourceQuality "1"]

1. c4 Nf6 2. Nc3 c5 3. e4 Nc6 4. g3 d6 5. Bg2 g6 6. Nge2 Bg7 7. d3 O-O 8. h3 Rb8 9. O-O Ne8 10. f4 a6 11. a4 Nc7 12. g4 Ne6 13. Be3 Ned4 14. Kh2 b5 15. axb5 axb5 16. Bxd4 Nxd4 17. Nxd4 Bxd4 18. Nxb5 Bxb2 19. Rb1 Bg7 20. Qd2 Bd7 21. Rb3 Bc6 22. Rfb1 Qd7 23. Qc2 h6 24. Nc3 Rxb3 25. Qxb3 e6 26. h4 Ra8 27. Kg3 g5 28. hxg5 hxg5 29. f5 Be5+ 30. Kf2 Kg7 31. Ne2 Rh8 32. Ng3 Bd4+ 33. Kf3 d5 34. Nh5+ Rxh5 35. gxh5 dxe4+ 36. dxe4 exf5 37. Ke2 fxe4 38. Qg3 Kh6 39. Bh3 Qa7 40. Qb3 Qc7 41. Qb8 Qa5 42. Qf8+ Kxh5 43. Qxf7+ Kh4 44. Qh7+ Kg3 45. Rb3+ e3 46. Rxe3+ Bxe3 47. Kxe3 Qe1+ 0-1

[Event "GBR-ch110 Major Open"]
[Site "Hull"]
[Date "2024.08.01"]
[Round "6.30"]
[White "Ashworth, Robert M"]
[Black "Davis, Cameron"]
[Result "1/2-1/2"]
[WhiteElo "1845"]
[BlackElo "1946"]
[PlyCount "84"]
[EventDate "2024.07.27"]
[EventType "swiss"]
[EventRounds "9"]
[EventCountry "GBR"]
[SourceTitle "BritBase"]
[Source "John Saunders"]
[SourceDate "2025.02.20"]
[SourceVersion "1"]
[SourceVersionDate "2025.02.20"]
[SourceQuality "1"]

1. e4 c5 2. Nf3 e6 3. c3 d5 4. exd5 exd5 5. d4 Nc6 6. Bb5 Bd6 7. O-O Nf6 8. dxc5 Bxc5 9. Re1+ Be6 10. h3 O-O 11. Be3 Bxe3 12. Rxe3 Qb6 13. Na3 a6 14. Bxc6 bxc6 15. b3 c5 16. Nc2 Rfe8 17. Qe2 h6 18. b4 Rac8 19. bxc5 Rxc5 20. Ncd4 Ne4 21. Nxe6 fxe6 22. Ne5 Rcc8 23. Rc1 Qa7 24. Rf3 Rf8 25. Ng6 Rxf3 26. Qxf3 Qf7 27. Nf4 g5 28. Ne2 Qxf3 29. gxf3 Nd2 30. Kg2 Rb8 31. Nd4 Kf7 32. Rc2 Nc4 33. Kg3 Rb2 34. Rxb2 Nxb2 35. f4 gxf4+ 36. Kxf4 Nd1 37. Ke5 Nxc3 38. a3 Nb5 39. Nxe6 Nxa3 40. Kxd5 Nc2 41. Nc5 a5 42. f4 Kf6 1/2-1/2

[Event "GBR-ch110 Major Open"]
[Site "Hull"]
[Date "2024.08.01"]
[Round "6.31"]
[White "Stephenson, David W"]
[Black "Lebedev, Lion"]
[Result "0-1"]
[WhiteElo "1836"]
[BlackElo "1941"]
[PlyCount "74"]
[EventDate "2024.07.27"]
[EventType "swiss"]
[EventRounds "9"]
[EventCountry "GBR"]
[SourceTitle "BritBase"]
[Source "John Saunders"]
[SourceDate "2025.02.20"]
[SourceVersion "1"]
[SourceVersionDate "2025.02.20"]
[SourceQuality "1"]

1. e4 e5 2. Nf3 Nc6 3. Bc4 Bc5 4. c3 Nf6 5. d4 exd4 6. O-O Nxe4 7. Bd5 Nf6 8. cxd4 Be7 9. Bb3 d5 10. Nc3 h6 11. Ne5 O-O 12. Be3 Bd6 13. f4 Ne7 14. Bf2 c6 15. h3 Bb4 16. Bc2 Bf5 17. Bxf5 Nxf5 18. g4 Nd6 19. Bh4 Bxc3 20. bxc3 Nde4 21. Qc2 g5 22. Be1 Nd7 23. Rb1 Rb8 24. c4 gxf4 25. Nxd7 Qxd7 26. Rxf4 f5 27. Qg2 Kh7 28. Bh4 fxg4 29. Rbf1 gxh3 30. Qf3 Rxf4 31. Qxf4 Qg7+ 32. Bg3 Rf8 33. Qh4 Qxg3+ 34. Qxg3 Rxf1+ 35. Kxf1 Nxg3+ 36. Kf2 h2 37. Kg2 h1=Q+ 0-1

[Event "GBR-ch110 Major Open"]
[Site "Hull"]
[Date "2024.08.01"]
[Round "6.32"]
[White "Howorth, Jack"]
[Black "Varley, Joe"]
[Result "1-0"]
[WhiteElo "1830"]
[BlackElo "1935"]
[PlyCount "45"]
[EventDate "2024.07.27"]
[EventType "swiss"]
[EventRounds "9"]
[EventCountry "GBR"]
[SourceTitle "BritBase"]
[Source "John Saunders"]
[SourceDate "2025.02.20"]
[SourceVersion "1"]
[SourceVersionDate "2025.02.20"]
[SourceQuality "1"]

1. e4 c5 2. Nf3 e6 3. d4 cxd4 4. Nxd4 Nf6 5. Nc3 Nc6 6. Ndb5 Bc5 7. Bf4 O-O 8. e5 Ne8 9. Bd3 a6 10. Ne4 Qb6 11. Qh5 g6 12. Qh6 f6 13. Nxf6+ Nxf6 14. Bxg6 Nxe5 15. Bxe5 hxg6 16. Qxg6+ Kh8 17. Bxf6+ Rxf6 18. Qxf6+ Kg8 19. O-O axb5 20. Rad1 e5 21. Qxe5 d6 22. Qf6 Ra4 23. Rd3 1-0

[Event "GBR-ch110 Major Open"]
[Site "Hull"]
[Date "2024.08.01"]
[Round "6.33"]
[White "Izod, Chris"]
[Black "Twisk, Sebastian"]
[Result "1-0"]
[WhiteElo "1924"]
[BlackElo "1802"]
[PlyCount "81"]
[EventDate "2024.07.27"]
[EventType "swiss"]
[EventRounds "9"]
[EventCountry "GBR"]
[SourceTitle "BritBase"]
[Source "John Saunders"]
[SourceDate "2025.02.20"]
[SourceVersion "1"]
[SourceVersionDate "2025.02.20"]
[SourceQuality "1"]

1. d4 d5 2. Nf3 Nf6 3. c4 c6 4. cxd5 cxd5 5. Nc3 Nc6 6. Bf4 Bf5 7. Qb3 Na5 8. Qa4+ Bd7 9. Qc2 e6 10. e3 Rc8 11. Bd3 Bb4 12. Nd2 b5 13. Rc1 O-O 14. Bg5 h6 15. Bh4 Be7 16. Qd1 Qb6 17. O-O Nc4 18. Bb1 g5 19. Bg3 Nxb2 20. Qb3 Nc4 21. Nxc4 Rxc4 22. Bd3 Rb4 23. Qc2 Rc8 24. Be5 Qa5 25. Qe2 a6 26. Qf3 Qa3 27. Bxf6 Bxf6 28. Qxf6 Rxc3 29. Rxc3 Qxc3 30. Bh7+ Kf8 31. Qxh6+ Ke8 32. Qxg5 Rb2 33. h4 Rxa2 34. h5 b4 35. h6 Bb5 36. Bb1 Bxf1 37. h7 Qe1 38. h8=Q+ Kd7 39. Qgd8+ Kc6 40. Qhe8+ Kb7 41. Qed7# 1-0

[Event "GBR-ch110 Major Open"]
[Site "Hull"]
[Date "2024.08.01"]
[Round "6.34"]
[White "Kumar, Arnav"]
[Black "Bedi, Adam"]
[Result "1-0"]
[WhiteElo "1803"]
[BlackElo "1903"]
[PlyCount "65"]
[EventDate "2024.07.27"]
[EventType "swiss"]
[EventRounds "9"]
[EventCountry "GBR"]
[SourceTitle "BritBase"]
[Source "John Saunders"]
[SourceDate "2025.02.20"]
[SourceVersion "1"]
[SourceVersionDate "2025.02.20"]
[SourceQuality "1"]

1. e4 c5 2. Nf3 e6 3. d4 cxd4 4. Nxd4 a6 5. Nc3 Qc7 6. a3 Nf6 7. Be3 d6 8. f3 Be7 9. Qd2 Nc6 10. O-O-O Rb8 11. g4 Ne5 12. Qe2 b5 13. g5 Nfd7 14. f4 Nc4 15. f5 Nde5 16. h4 Nxa3 17. Bh3 b4 18. Nb1 Nxb1 19. Kxb1 exf5 20. exf5 f6 21. Qh5+ Kf8 22. Bf4 Bd7 23. Bxe5 dxe5 24. Ne6+ Bxe6 25. fxe6 g6 26. Qh6+ Ke8 27. Qg7 Rf8 28. Qxh7 Bd6 29. Qxg6+ Ke7 30. gxf6+ Rxf6 31. Qg7+ Ke8 32. Qxf6 Rc8 33. Qg6+ 1-0

[Event "GBR-ch110 Major Open"]
[Site "Hull"]
[Date "2024.08.01"]
[Round "6.35"]
[White "Rich, Aaron"]
[Black "Brencher, Paul"]
[Result "1/2-1/2"]
[WhiteElo "1799"]
[BlackElo "1899"]
[PlyCount "42"]
[EventDate "2024.07.27"]
[EventType "swiss"]
[EventRounds "9"]
[EventCountry "GBR"]
[SourceTitle "BritBase"]
[Source "John Saunders"]
[SourceDate "2025.02.20"]
[SourceVersion "1"]
[SourceVersionDate "2025.02.20"]
[SourceQuality "1"]

1. b3 e5 2. Bb2 Nc6 3. e3 d6 4. Bb5 Bd7 5. Ne2 a6 6. Bc4 Nf6 7. Ng3 h5 8. h4 Be7 9. Nc3 Ng4 10. Qf3 Nf6 11. Nf5 g6 12. Nxe7 Qxe7 13. a3 Na5 14. Be2 Nc6 15. Nd5 Nxd5 16. Qxd5 Be6 17. Qf3 Bg4 18. Qg3 Bxe2 19. Kxe2 O-O-O 20. Rhe1 Rhg8 21. Rh1 Kb8 1/2-1/2

[Event "GBR-ch110 Major Open"]
[Site "Hull"]
[Date "2024.08.01"]
[Round "6.36"]
[White "Neenan, Henry"]
[Black "Schell, Finn"]
[Result "0-1"]
[WhiteElo "1793"]
[BlackElo "1887"]
[PlyCount "62"]
[EventDate "2024.07.27"]
[EventType "swiss"]
[EventRounds "9"]
[EventCountry "GBR"]
[SourceTitle "BritBase"]
[Source "John Saunders"]
[SourceDate "2025.02.20"]
[SourceVersion "1"]
[SourceVersionDate "2025.02.20"]
[SourceQuality "1"]

1. e4 c6 2. Nc3 d5 3. Nf3 dxe4 4. Nxe4 Nf6 5. Qe2 Nxe4 6. Qxe4 Nd7 7. Bc4 Nf6 8. Ne5 e6 9. Qe2 b5 10. Bd3 Qc7 11. a4 Bd6 12. Nxc6 b4 13. Nd4 a6 14. Nf5 Bb7 15. Nxd6+ Qxd6 16. O-O h5 17. Qe3 h4 18. h3 g5 19. b3 g4 20. Bb2 gxh3 21. Qxh3 Bxg2 22. Qxg2 Rg8 23. Bxf6 Rxg2+ 24. Kxg2 Qf4 25. Bb2 h3+ 26. Kxh3 Qf3+ 27. Kh2 O-O-O 28. Bxa6+ Kb8 29. Bc4 Rg8 30. Be5+ Ka8 31. Rg1 Qh5# 0-1

[Event "GBR-ch110 Major Open"]
[Site "Hull"]
[Date "2024.08.01"]
[Round "6.37"]
[White "Zhang, Junyi"]
[Black "Li, Xiaofan"]
[Result "1/2-1/2"]
[WhiteElo "1957"]
[BlackElo "1798"]
[PlyCount "51"]
[EventDate "2024.07.27"]
[EventType "swiss"]
[EventRounds "9"]
[EventCountry "GBR"]
[SourceTitle "BritBase"]
[Source "John Saunders"]
[SourceDate "2025.02.20"]
[SourceVersion "1"]
[SourceVersionDate "2025.02.20"]
[SourceQuality "1"]

1. e4 c6 2. Nc3 d5 3. Nf3 Bg4 4. h3 Bxf3 5. Qxf3 e6 6. d3 Nd7 7. Bd2 Ngf6 8. O-O-O Bb4 9. g4 Qb6 10. g5 Ng8 11. Qe2 O-O-O 12. Bg2 Ne7 13. Nb1 d4 14. Qe1 Bxd2+ 15. Nxd2 Qa5 16. Kb1 Qxg5 17. Qf1 Qb5 18. Nc4 Nb6 19. Nxb6+ axb6 20. Qe2 Kd7 21. Qd2 Ra8 22. c4 dxc3 23. Qxc3 Qa5 24. Qd4+ Kc7 25. a3 f6 26. Qe3 1/2-1/2

[Event "GBR-ch110 Major Open"]
[Site "Hull"]
[Date "2024.08.01"]
[Round "6.38"]
[White "Walia, Michael Kanishk"]
[Black "Zhu, Pengxiao"]
[Result "1-0"]
[WhiteElo "1682"]
[BlackElo "1969"]
[PlyCount "105"]
[EventDate "2024.07.27"]
[EventType "swiss"]
[EventRounds "9"]
[EventCountry "GBR"]
[SourceTitle "BritBase"]
[Source "John Saunders"]
[SourceDate "2025.02.20"]
[SourceVersion "1"]
[SourceVersionDate "2025.02.20"]
[SourceQuality "1"]

1. e4 e5 2. Nf3 Nc6 3. Bc4 Nf6 4. d3 h6 5. c3 d6 6. Bb3 g5 7. h3 Bg7 8. Nbd2 d5 9. Qe2 Qd6 10. d4 dxe4 11. Nxe4 Nxe4 12. Qxe4 f5 13. Qd3 e4 14. Qc4 Qe7 15. Nh2 Bd7 16. Bd2 O-O-O 17. Qe2 Bxd4 18. cxd4 Nxd4 19. Qe3 Bb5 20. Bc3 f4 21. Qxd4 Rxd4 22. Bxd4 Qb4+ 23. Bc3 Qf8 24. Bxh8 Qxh8 25. O-O-O Bd3 26. Bc2 Qd4 27. Bxd3 exd3 28. Rhf1 Qd5 29. f3 c5 30. Kb1 b5 31. Ng4 Qd6 32. Nf2 c4 33. Ne4 Qd4 34. Rd2 Kb8 35. Rfd1 a5 36. Rc1 a4 37. a3 Kc7 38. Nc3 Kb6 39. Ne4 Qe3 40. Ka1 h5 41. Rcd1 g4 42. Nc3 Kc5 43. fxg4 hxg4 44. hxg4 Qe6 45. g5 Qf5 46. Rf1 Kd4 47. Rxf4+ Qxf4 48. Ne2+ Ke3 49. Nxf4 Kxd2 50. Kb1 b4 51. Nd5 bxa3 52. bxa3 Ke1 53. Kb2 1-0

[Event "GBR-ch110 Major Open"]
[Site "Hull"]
[Date "2024.08.01"]
[Round "6.39"]
[White "Carmichael, Ned"]
[Black "Watkinson, Colin"]
[Result "1-0"]
[WhiteElo "1924"]
[BlackElo "1791"]
[PlyCount "75"]
[EventDate "2024.07.27"]
[EventType "swiss"]
[EventRounds "9"]
[EventCountry "GBR"]
[SourceTitle "BritBase"]
[Source "John Saunders"]
[SourceDate "2025.02.20"]
[SourceVersion "1"]
[SourceVersionDate "2025.02.20"]
[SourceQuality "1"]

1. c4 Nf6 2. Nf3 e6 3. Nc3 d5 4. e3 Be7 5. b3 O-O 6. Bb2 b6 7. cxd5 Nxd5 8. Nxd5 exd5 9. Rc1 c5 10. Be2 Bb7 11. d4 Nd7 12. O-O Rc8 13. Qd2 a6 14. Rfd1 Nf6 15. Ne5 Ne4 16. Qe1 Re8 17. dxc5 Bf6 18. c6 Bxe5 19. cxb7 Rxc1 20. Bxc1 Bc3 21. Qf1 b5 22. a4 bxa4 23. bxa4 a5 24. Bb5 Re6 25. Rxd5 Qc7 26. Qd1 Rd6 27. Ba3 Bb4 28. Bxb4 axb4 29. Rxd6 Nxd6 30. Bc6 g6 31. Qd5 Qb8 32. g3 Kf8 33. Qc5 b3 34. Qb4 Kg7 35. Qxb3 f5 36. a5 Ne4 37. Bxe4 fxe4 38. a6 1-0

[Event "GBR-ch110 Major Open"]
[Site "Hull"]
[Date "2024.08.01"]
[Round "6.40"]
[White "Sasikumar, Srivathsan"]
[Black "Li, Reya"]
[Result "1-0"]
[WhiteElo "1900"]
[BlackElo "1766"]
[PlyCount "67"]
[EventDate "2024.07.27"]
[EventType "swiss"]
[EventRounds "9"]
[EventCountry "GBR"]
[SourceTitle "BritBase"]
[Source "John Saunders"]
[SourceDate "2025.02.20"]
[SourceVersion "1"]
[SourceVersionDate "2025.02.20"]
[SourceQuality "1"]

1. e4 e5 2. Nc3 Nc6 3. Bc4 Nf6 4. d3 Bc5 5. Nf3 d6 6. h3 a6 7. Bg5 h6 8. Bh4 Bd7 9. a3 g5 10. Bg3 Ba7 11. Qd2 Bc5 12. Nd5 Nd4 13. Nxd4 Bxd4 14. c3 Ba7 15. h4 Nxd5 16. Bxd5 c6 17. Ba2 g4 18. Qc2 Qb6 19. h5 Ke7 20. O-O-O Be6 21. Bxe6 Kxe6 22. Qe2 Rhg8 23. Rh4 Rg5 24. Rxg4 Rxh5 25. Rg7 Rg5 26. Rxg5 hxg5 27. Qg4+ Ke7 28. Qxg5+ f6 29. Qg7+ Ke6 30. Rh1 d5 31. Rh6 Qd8 32. Bh4 Kd6 33. Bxf6 Qd7 34. Bxe5+ 1-0

[Event "GBR-ch110 Major Open"]
[Site "Hull"]
[Date "2024.08.01"]
[Round "6.41"]
[White "Saxena, Advik"]
[Black "Patton, Zachary"]
[Result "1-0"]
[WhiteElo "1666"]
[BlackElo "1871"]
[PlyCount "59"]
[EventDate "2024.07.27"]
[EventType "swiss"]
[EventRounds "9"]
[EventCountry "GBR"]
[SourceTitle "BritBase"]
[Source "John Saunders"]
[SourceDate "2025.02.20"]
[SourceVersion "1"]
[SourceVersionDate "2025.02.20"]
[SourceQuality "1"]

1. e4 c6 2. Nf3 d5 3. Nc3 dxe4 4. Nxe4 Bf5 5. Ng3 Bg6 6. h4 h6 7. Ne5 Bh7 8. Qh5 g6 9. Bc4 e6 10. Qf3 Nf6 11. d3 Bg7 12. Ne4 O-O 13. Nxf6+ Bxf6 14. Ng4 Nd7 15. Nxh6+ Kh8 16. Bg5 Bg8 17. Ng4 Qa5+ 18. c3 Bxc3+ 19. bxc3 Qxc3+ 20. Ke2 f5 21. Nh6 Ne5 22. Qf4 Rad8 23. Bxd8 Rxd8 24. Nxg8 Rxd3 25. Qh6+ Kxg8 26. Bxe6+ Nf7 27. Qxg6+ Kh8 28. Qh5+ Kg7 29. Qxf7+ Kh6 30. Qf8+ 1-0

[Event "GBR-ch110 Major Open"]
[Site "Hull"]
[Date "2024.08.01"]
[Round "6.42"]
[White "Rastogi, Nayan Keats"]
[Black "Bates, Hubert"]
[Result "1-0"]
[WhiteElo "1859"]
[BlackElo "1750"]
[PlyCount "67"]
[EventDate "2024.07.27"]
[EventType "swiss"]
[EventRounds "9"]
[EventCountry "GBR"]
[SourceTitle "BritBase"]
[Source "John Saunders"]
[SourceDate "2025.02.20"]
[SourceVersion "1"]
[SourceVersionDate "2025.02.20"]
[SourceQuality "1"]

1. e4 c5 2. c3 Nf6 3. e5 Nd5 4. d4 d6 5. Nf3 cxd4 6. cxd4 Nc6 7. Bc4 dxe5 8. dxe5 e6 9. O-O Be7 10. Qe2 Nb6 11. Bb3 O-O 12. Nc3 Nd5 13. Qe4 Nxc3 14. bxc3 Qc7 15. Bc2 g6 16. Bh6 Re8 17. Rfe1 f5 18. exf6 Bxf6 19. Qc4 Qa5 20. Re3 Bd7 21. Rd1 Qc7 22. Nd4 Be5 23. Nb5 Qd8 24. f4 Bb8 25. Bxg6 hxg6 26. Qd3 Ne7 27. Qxd7 Qxd7 28. Rxd7 Nf5 29. Rh3 Nxh6 30. Rxh6 Bxf4 31. Rxg6+ Kh8 32. Rd3 Kh7 33. Rg4 Bh6 34. Rd7+ 1-0

[Event "GBR-ch110 Major Open"]
[Site "Hull"]
[Date "2024.08.01"]
[Round "6.43"]
[White "Rubeck, Jonathan"]
[Black "Chantrell, Paul"]
[Result "1-0"]
[WhiteElo "1833"]
[BlackElo "1735"]
[PlyCount "51"]
[EventDate "2024.07.27"]
[EventType "swiss"]
[EventRounds "9"]
[EventCountry "GBR"]
[SourceTitle "BritBase"]
[Source "John Saunders"]
[SourceDate "2025.02.20"]
[SourceVersion "1"]
[SourceVersionDate "2025.02.20"]
[SourceQuality "1"]

1. e4 e5 2. Nf3 Nc6 3. d4 exd4 4. Bc4 Nf6 5. e5 d5 6. Bb5 Ne4 7. Nxd4 Bd7 8. Bxc6 bxc6 9. O-O Bc5 10. Be3 Bb6 11. f3 Ng5 12. f4 Ne4 13. Nc3 Nxc3 14. bxc3 O-O 15. a4 a5 16. Qh5 c5 17. Nf3 g6 18. Qh6 f6 19. Bf2 Bg4 20. Bh4 Bxf3 21. Rxf3 c4+ 22. Kh1 Qd7 23. Bxf6 Rae8 24. f5 Rxf6 25. exf6 gxf5 26. Rg3+ 1-0

[Event "GBR-ch110 Major Open"]
[Site "Hull"]
[Date "2024.08.01"]
[Round "6.44"]
[White "Mize, Dylan"]
[Black "Parikh, Naavya"]
[Result "0-1"]
[WhiteElo "1824"]
[BlackElo "1711"]
[PlyCount "134"]
[EventDate "2024.07.27"]
[EventType "swiss"]
[EventRounds "9"]
[EventCountry "GBR"]
[SourceTitle "BritBase"]
[Source "John Saunders"]
[SourceDate "2025.02.20"]
[SourceVersion "1"]
[SourceVersionDate "2025.02.20"]
[SourceQuality "1"]

1. Nf3 d5 2. d4 e6 3. e3 b6 4. Bd3 Bb7 5. b3 Nf6 6. O-O Bd6 7. Bb2 O-O 8. Nbd2 Nbd7 9. Ne5 Bxe5 10. dxe5 Ne8 11. Qh5 f5 12. Nf3 Qe7 13. Qg5 Qxg5 14. Nxg5 Nc5 15. Ba3 Bc8 16. Bb5 h6 17. Nf3 Kf7 18. Nd4 Rh8 19. Bc6 Rb8 20. f3 g6 21. e4 dxe4 22. fxe4 Ng7 23. Nb5 Ba6 24. exf5 gxf5 25. Rfd1 Bxb5 26. Bxb5 Rbd8 27. Bc6 Na6 28. b4 Nb8 29. Bf3 f4 30. Be4 Nh5 31. Bb2 Ke7 32. Bc3 c6 33. Rd6 Rhg8 34. Rad1 Rxd6 35. exd6+ Kf7 36. Be5 Nd7 37. Bb2 Rc8 38. Rf1 e5 39. Bf5 Rd8 40. Bxd7 Rxd7 41. Bxe5 Ke6 42. Re1 Kf5 43. Kf2 Nf6 44. Bxf6 Kxf6 45. Rd1 Ke5 46. c4 Rxd6 47. Re1+ Kf5 48. Re2 Rd3 49. Rc2 h5 50. c5 b5 51. Re2 Ra3 52. h3 a5 53. bxa5 Rxa5 54. g3 Ra3 55. gxf4 Kxf4 56. Kg2 Rc3 57. Rf2+ Kg5 58. a4 bxa4 59. Ra2 a3 60. Ra1 Kf4 61. Ra2 Ke4 62. Rd2 Ke3 63. Rf2 Kd4 64. Ra2 Kxc5 65. h4 Kb4 66. Re2 Kb3 67. Kh2 Rc2 0-1

[Event "GBR-ch110 Major Open"]
[Site "Hull"]
[Date "2024.08.01"]
[Round "6.45"]
[White "Mittal, Aditya"]
[Black "Waterfield, Mark B"]
[Result "1-0"]
[WhiteElo "1768"]
[BlackElo "1815"]
[PlyCount "79"]
[EventDate "2024.07.27"]
[EventType "swiss"]
[EventRounds "9"]
[EventCountry "GBR"]
[SourceTitle "BritBase"]
[Source "John Saunders"]
[SourceDate "2025.02.20"]
[SourceVersion "1"]
[SourceVersionDate "2025.02.20"]
[SourceQuality "1"]

1. e4 e6 2. d4 d5 3. Nc3 Bb4 4. Nge2 dxe4 5. a3 Bxc3+ 6. Nxc3 f5 7. Qh5+ g6 8. Qh3 Nc6 9. Bb5 Bd7 10. Be3 Nce7 11. Bc4 Nf6 12. Bh6 Kf7 13. O-O-O Bc6 14. Rhe1 Ng4 15. d5 Nxd5 16. Rd2 Nxh6 17. Qxh6 Qd6 18. Qh3 Qc5 19. Nxe4 fxe4 20. Rxe4 Rae8 21. b4 Qb6 22. Bxd5 exd5 23. Qf3+ Kg7 24. Qc3+ d4 25. Rexd4 Re1+ 26. Kb2 Rhe8 27. Rd7+ Kh6 28. Qh3+ Kg5 29. f4+ Kxf4 30. R2d4+ R1e4 31. Qg3+ Kf5 32. Qf3+ Ke5 33. Qg3+ Ke6 34. Qh3+ Kf6 35. Qf3+ Kg5 36. h4+ Kh6 37. Rxe4 Rxe4 38. Qf8+ Kh5 39. Rxh7+ Kg4 40. Qf3# 1-0

[Event "GBR-ch110 Major Open"]
[Site "Hull"]
[Date "2024.08.01"]
[Round "6.46"]
[White "Whittington, Reece W"]
[Black "Mittal, Advik"]
[Result "0-1"]
[WhiteElo "1793"]
[BlackElo "1619"]
[PlyCount "76"]
[EventDate "2024.07.27"]
[EventType "swiss"]
[EventRounds "9"]
[EventCountry "GBR"]
[SourceTitle "BritBase"]
[Source "John Saunders"]
[SourceDate "2025.02.20"]
[SourceVersion "1"]
[SourceVersionDate "2025.02.20"]
[SourceQuality "1"]

1. d4 Nf6 2. c4 e6 3. Nf3 d5 4. g3 Bb4+ 5. Bd2 Bxd2+ 6. Nbxd2 O-O 7. Bg2 c6 8. O-O Nbd7 9. Qc2 Re8 10. e4 dxe4 11. Nxe4 Nxe4 12. Qxe4 Qc7 13. Rad1 h6 14. Rfe1 b6 15. Ne5 Nxe5 16. dxe5 Bb7 17. Rd6 Re7 18. b4 Rc8 19. Red1 c5 20. Qxb7 Qxb7 21. Bxb7 Rxb7 22. b5 Kf8 23. f4 Ke7 24. Kf2 Rcc7 25. g4 Rd7 26. h4 Rxd6 27. Rxd6 Rd7 28. Rxd7+ Kxd7 29. h5 f6 30. exf6 gxf6 31. g5 Ke7 32. Kf3 fxg5 33. fxg5 hxg5 34. Kg4 Kf6 35. a4 e5 36. h6 e4 37. h7 Kg7 38. Kxg5 e3 0-1

[Event "GBR-ch110 Major Open"]
[Site "Hull"]
[Date "2024.08.01"]
[Round "6.47"]
[White "Srivastava, Siddhartha Shankar"]
[Black "Berkley, Stephen W"]
[Result "1-0"]
[WhiteElo "1595"]
[BlackElo "1830"]
[PlyCount "71"]
[EventDate "2024.07.27"]
[EventType "swiss"]
[EventRounds "9"]
[EventCountry "GBR"]
[SourceTitle "BritBase"]
[Source "John Saunders"]
[SourceDate "2025.02.20"]
[SourceVersion "1"]
[SourceVersionDate "2025.02.20"]
[SourceQuality "1"]

1. e4 e6 2. d4 d5 3. e5 c5 4. c3 Nc6 5. Nf3 Bd7 6. Be2 a6 7. a3 c4 8. Nbd2 Nge7 9. O-O Ng6 10. g3 f6 11. exf6 gxf6 12. Re1 Bd6 13. Nxc4 dxc4 14. Bxc4 Qc7 15. d5 Nce5 16. Nxe5 Nxe5 17. dxe6 Bc6 18. Rxe5 Bxe5 19. Qg4 Qe7 20. Qh5+ Kd8 21. Be3 Kc7 22. f4 Be8 23. Qg4 Bd6 24. Qf5 b6 25. b4 Bc6 26. Qd3 Rhd8 27. Qe2 a5 28. Rc1 Rdb8 29. f5 Kc8 30. Kf1 Qb7 31. Kg1 Kd8 32. Rd1 Ke7 33. Qh5 Qc7 34. Qxh7+ Ke8 35. Qh8+ Bf8 36. Qh5+ 1-0

[Event "GBR-ch110 Major Open"]
[Site "Hull"]
[Date "2024.08.01"]
[Round "6.48"]
[White "Pleimling, Luc"]
[Black "Cowan, Xavier"]
[Result "0-1"]
[WhiteElo "1615"]
[BlackElo "1824"]
[PlyCount "105"]
[EventDate "2024.07.27"]
[EventType "swiss"]
[EventRounds "9"]
[EventCountry "GBR"]
[SourceTitle "BritBase"]
[Source "John Saunders"]
[SourceDate "2025.02.20"]
[SourceVersion "1"]
[SourceVersionDate "2025.02.20"]
[SourceQuality "1"]

1. d4 Nf6 2. Nf3 d5 3. g3 Bf5 4. Bg2 e6 5. c4 c6 6. Qb3 Qb6 7. c5 Qxb3 8. axb3 Na6 9. O-O Be7 10. Bd2 Ne4 11. Be1 Bf6 12. Ra4 Nexc5 13. dxc5 Bxb1 14. Bc3 Bg6 15. b4 Nc7 16. Be5 Nb5 17. Bxf6 gxf6 18. Raa1 O-O 19. e3 Rfe8 20. Nd2 Bd3 21. Rfd1 e5 22. f3 a6 23. Bf1 Bxf1 24. Rxf1 Rad8 25. Kf2 d4 26. Ne4 dxe3+ 27. Kxe3 Kg7 28. Rad1 f5 29. Nd2 Rd4 30. Nb3 Rxb4 31. Na5 f4+ 32. Kd3 Rd8+ 33. Kc2 Nd4+ 34. Kc3 Rb5 35. b4 fxg3 36. hxg3 Rb8 37. Nc4 a5 38. Nxa5 b6 39. Nb3 bxc5 40. Nxc5 Rxb4 41. Kd3 Ra8 42. Kc3 Rb5 43. Rxd4 exd4+ 44. Kxd4 Raa5 45. Rc1 Kg6 46. g4 Rxc5 47. Rxc5 Rxc5 48. Kxc5 f5 49. Kxc6 fxg4 50. fxg4 Kg5 51. Kd5 Kxg4 52. Ke4 h5 53. Ke3 0-1